000 00638nam a2200241Ia 4500
003 OSt
005 20220918174433.0
006 a|||||r|||| 00| 0
007 ta
008 220917b |||||||| |||| 00| 0 eng d
024 _a12,137
037 _cTextual
040 _aARTS
_cARTS
_beng
041 _2eng
_aeng
082 _a/\2y7M63:g, N4
100 _aAgnihotri H L
_950480
245 0 _aSwami Vivekananda
_b his dyanamic vision
260 _aHisar
_bAman Prakashan
_c1994
300 _a184p.
_ccm.
650 _aSPIRITUALISM
942 _h/\2y7M63:g, N4
_cTEXL
_2CC
999 _c153186
_d153186